00000000nam##2200000za#4500
0019.628207
003CaOODSP
00520210615105646
007ta
008150406|2009||||xxc|||||     f|0| 0 fre|d
022 |a0706-6570
040 |aCaOODSP|bfre
043 |an-cn---
0861 |aFs97-6/2833F
1101 |aCanada. |bMinistère des pêches et des océans.
24510|aContamination bactérienne chez des bivalves cultivés dans le Havre de Shippagan (Shippagan, Nouveau-Brunswick) / |c[Par] A. Mallet ... [et al.].
260 |aMoncton - Nouveau-Brunswick : |bPêches et Océans Canada |cc2009.
300 |avii, 27p. : |bfigures, cartes, références, tableaux ; |c28 cm.
4901 |aRapport technique canadien des sciences halieutiques et aquatiques|x0706-6570|vN° 2833
500 |a"Pêches et Océans Canada, Centre des Pêches du Golfe, Moncton, Nouveau-Brunswick, E1C 9B6".
563 |aCouverture souple
590 |a09-17|b2009-04-24
7201 |aMallet, A.
7760#|tContamination bactérienne chez des bivalves cultivés dans le Havre de Shippagan (Shippagan, Nouveau-Brunswick) / |w(CaOODSP)9.604074
830#0|aRapport technique canadien des sciences halieutiques et aquatiques,|x0706-6570|vN° 2833|w(CaOODSP)9.513015